| 000 | 00604nam a2200181Ia 4500 | ||
|---|---|---|---|
| 008 | 100920s9999 xx 000 0 und d | ||
| 082 |
_b60795 _a61 थ 84 |
||
| 100 | _aपोळके पार्थ. | ||
| 245 | _aआभरान. | ||
| 260 |
_bग्रंथाली, अभिनव वाचक-चळवळ नेहरूनगर मुंबई 24. _c1984 |
||
| 300 |
_a192 _bसाधी |
||
| 365 | _b30 | ||
| 520 | _aस्थानिक वाचन. | ||
| 630 | _aआभरान. | ||
| 650 | _aस्थानिक वाचन. | ||
| 730 | _aआभरान. | ||
| 942 | _cBOOK | ||
| 999 |
_c704045 _d704042 |
||